| 000 | 00372nam a22001577a 4500 | ||
|---|---|---|---|
| 003 | SGT | ||
| 020 | _a8119117344 | ||
| 082 |
_a615.1 _bM23H |
||
| 100 | _aHAJARE, ASHOK.A. | ||
| 245 | _aA TEXT BOOK OF MODERN PHARMACEUTICS | ||
| 250 | _a1ST | ||
| 260 |
_aPUNE _bNIRALI PRAKASHAN _c2023 |
||
| 650 | _aPHARMACEUTICS | ||
| 653 | _aMODERN, PHARMACEUTICS | ||
| 942 |
_2ddc _cBK _010 |
||
| 999 |
_c26983 _d26983 |
||